Southville International School and Colleges
Your cart is empty.
  • Cart
  • Lists
    Public lists Eva Luna New books Lux_list list_1
    Your lists Log in to create your own lists
  • Log in to your account
  • Your cookies
  • Search history
Southville International School and Colleges
  • Advanced search
  • Recent comments
  • Most popular
  • Libraries

Log in to your account

Log in with GOOGLE


If you do not have an external account, but do have a local account, you can still log in:

  1. Home
  2. MARC view: Integrative counselling & psychotherapy :
Normal view MARC view ISBD view

Integrative counselling & psychotherapy : (Record no. 22136)

[ view plain ]
MARC details
000 -LEADER
fixed length control field 01715nam a2200229 a 4500
003 - CONTROL NUMBER IDENTIFIER
control field PILC
005 - DATE AND TIME OF LATEST TRANSACTION
control field 20160205101603.0
008 - FIXED-LENGTH DATA ELEMENTS--GENERAL INFORMATION
fixed length control field 120910s19uu xx 00 eng d
020 ## - INTERNATIONAL STANDARD BOOK NUMBER
International Standard Book Number 9780857021274
050 ## - LIBRARY OF CONGRESS CALL NUMBER
Classification number BF 636.6
Item number .F37 2012
100 ## - MAIN ENTRY--PERSONAL NAME
Personal name Faris, Ariana.
245 ## - TITLE STATEMENT
Title Integrative counselling & psychotherapy :
Remainder of title a relational approach /
Statement of responsibility, etc Ariana Faris and Els van Ooijen.
260 ## - PUBLICATION, DISTRIBUTION, ETC. (IMPRINT)
Place of publication, distribution, etc Los Angeles, CA :
Name of publisher, distributor, etc SAGE,
Date of publication, distribution, etc 2012.
300 ## - PHYSICAL DESCRIPTION
Extent x, 176 pages :
Other physical details illustrations ;
Dimensions 26 cm.
500 ## - GENERAL NOTE
General note Includes bibliographical references and indexes.
520 ## - SUMMARY, ETC.
Summary, etc In an accessible and user friendly manner, this book offers a relational and social constructionist framework for the integration of the three most popular counseling and psychotherapy modalities: humanistic, psychodynamic and cognitive-behavioral including mindfulness and compassion based approaches. It is a guide to the history of integration in the field of psychotherapy and counseling, the nature of psychotherapeutic integration, different models of integration, what it means to work relationally, working with the Relational-Integrative Model (RIM) for a range of professional issues, including ethics, research, supervision, therapist self-care and personal development. The authors show how their coherent, flexible theoretical model can be used in brief and long-term therapy for a wide range of client issues. Brimming with vivid case examples, mind-maps and therapeutic dialogue, this invaluable book will help develop the theoretical knowledge and skills base of students, trainers and practitioners.
650 ## - SUBJECT ADDED ENTRY--TOPICAL TERM
Topical term or geographic name as entry element Counseling.
650 ## - SUBJECT ADDED ENTRY--TOPICAL TERM
Topical term or geographic name as entry element Psychotherapy.
700 ## - ADDED ENTRY--PERSONAL NAME
Personal name Ooijen, Els van.
942 ## - ADDED ENTRY ELEMENTS (KOHA)
Koha item type Books
Source of classification or shelving scheme Library of Congress Classification
Call number prefix Foreign
Holdings
Withdrawn status Lost status Source of classification or shelving scheme Damaged status Home library Current library Shelving location Date acquired Total Checkouts Full call number Barcode Date last seen Copy number Price effective from Koha item type
    Library of Congress Classification   College Library College Library Reserve Section 01/10/2014   BF 636.6 .F37 2012 C15745 05/15/2018 1 01/10/2014 Books

Integrative counselling & psychotherapy :

APA

Faris A., Ooijen E. v., . (2012). Integrative counselling & psychotherapy. Los Angeles, CA: SAGE.

Chicago

Faris Ariana, Ooijen Els van, . 2012. Integrative counselling & psychotherapy. Los Angeles, CA: SAGE.

Harvard

Faris A., Ooijen E. v., . (2012). Integrative counselling & psychotherapy. Los Angeles, CA: SAGE.

MLA

Faris Ariana, Ooijen Els van, . Integrative counselling & psychotherapy. Los Angeles, CA: SAGE. 2012.

  • Place hold
  • Print
  • Cite
  • Add to your cart (remove)
  • Save record
    BIBTEX Dublin Core MARCXML MARC (non-Unicode/MARC-8) MARC (Unicode/UTF-8) MARC (Unicode/UTF-8, Standard) MODS (XML) RIS
  • More searches
    Search for this title in:
    Other Libraries (WorldCat) Other Databases (Google Scholar) Online Stores (Bookfinder.com) Open Library (openlibrary.org)

Exporting to Dublin Core...

SOUTHVILLE LIBRARY

Southville International School and Colleges Library

1281 Tropical Ave. Cor. Luxembourg St., BF Homes International, Las Pinas City

Tel. No. 8256374 / 252358 Loc. 117/146

Powered by Koha